Lecciones-repaso: Derecho Penal

Detalles Bibliográficos
Autor principal: Ortega-Vľez, Ruth E.
Formato: eBook
Lenguaje:español
Publicado: Barcelona: Editorial vLex, 2017
Materias:
Acceso en línea:Acceso restringido

MARC

LEADER 00000nam a22000007a 4500
005 20180314234748.0
007 cr|||| ||||
008 180314s2017 pr |||||s|||| 00||0 spa d
035 |a 21075 
040 |a vLex 
090 |c 7481  |d 7481 
100 1 |a Ortega-Vľez, Ruth E. 
245 1 0 |a Lecciones-repaso: Derecho Penal  |h [Recurso electrn̤ico] /  |c Ruth E. Ortega-Vľez 
256 |a Servicio en ln̕ea 
260 |a Barcelona:  |b Editorial vLex,  |c 2017 
300 |a 1 recurso electrn̤ico 
506 1 |a Disponible solo en los productos indicados  |d vLex Global  |d vLex Global (Academic Edition, excluding Law Schools)  |d vLex Global (U.S. Academic Edition, Law Schools)  |d vLex Global (U.S. Academic Edition, excluding Law Schools)  |d vLex Global (Academic Edition, Law Schools) 
650 0 4 |a Derecho Penal  |z Puerto Rico 
740 0 |a vLex Libros (Servicio en ln̕ea) 
856 4 0 |u http://vlex.com/source/lecciones-repaso-derecho-penal-21075  |z Acceso restringido 
942 |c BOOK 
999 0 |a Criminal law